| 000 | 00438cam a2200169ua 4500 | ||
|---|---|---|---|
| 020 | _c2.25 | ||
| 041 |
_amal _h |
||
| 082 |
_a894.81209 _bRAG/MA |
||
| 100 | _aRaghavan Pillai, K . | ||
| 245 |
_aMalayalappiravi / _cK.Raghavan Pillai. _hTextual Documents |
||
| 260 |
_aKottayam : _bSahitya Pravarthaka Co-operative Society , _c1968. |
||
| 300 | _a123 ; . | ||
| 365 | _a2.25 | ||
| 504 | _a | ||
| 942 | _cBK | ||
| 999 |
_c12001 _d12001 |
||